000 01108naa a22003017a 4500
001 BR8903667
003 BR-BrBNA
005 20240918180510.0
007 ta
008 230509b bl.||||| |||| 00| 0 por d
040 _aBR-BrBNA
_bpor
_cBiblioteca Nacional de Agricultura
041 _a(Pt)
072 _aF70
_b0316
_bG514
090 _aF70 BR8903667
100 1 _aTenorio, E.C.
111 1 _a30. Congresso Nacional de Botanica
_cCampo Grande, MS (Brazil)
_d21-27 Jan 1979
245 1 _aO babacu e coqueiros assemelhados em Minas Gerais
260 3 _aSao Paulo, SP (Brasil):
_c1979.
500 _aAnais da Sociedade Botanica do Brasil. 30. Congresso Nacional de Botanica Sao Paulo, SP (Brasil): 1979. p. 235-240 (BR8903667-AM)F70
650 _aBABACU
650 _aANATOMIA VEGETAL
650 _aDISTRIBUICAO GEOGRAFICA
650 _aECONOMIA AGRICOLA
650 _aMINAS GERAIS
773 0 _tAnais da Sociedade Botanica do Brasil. 30. Congresso Nacional de Botanica
_wF70 BR8903667
_gSao Paulo, SP (Brasil), 1979. p. 235-240
909 _a202404
_bLucia
_c55
_dLucia Elande
942 _cAM
_2AGRIS
999 _c320699
_d320699